000 00605nam a2200181 4500
001 109304
003 ES-MaACL
005 20231227200023.0
007 t|
008 061121s1952 sp r ||||1| spa d
100 1 _aMúgica, Luis Esteban.
_984059
245 1 0 _aArticulaciones, embriología, fisiología, patología general /
_cLuis Esteban Múgica; prólogo de Carlos Jiménez Díaz.
260 _aMadrid :
_bPaz Montalvo,
_c1952.
300 _aX, 266 p. :
_bil. ;
_c25 cm.
700 1 _aJiménez Díaz, Carlos,
_d1898-1967
_966515
852 _aES-MaACL
_jD-8437
_bR.33273
999 _c109304
_d109304